000 00670cam a2200253 4500500
005 20260329004052.0
041 _afre
042 _adc
100 1 0 _aEnjalbert, Cédric
_eauthor
245 0 0 _aLes damnés de l’Orient
260 _c2018.
500 _a72
690 _aAsie
690 _aBouddhisme
690 _aChine
690 _aenfer
690 _aFantôme
690 _aJustice
690 _aMort
690 _aSpectre
690 _aThaïlande
786 0 _nPhilosophie magazine | 120 | 6 | 2018-06-01 | p. 64-64 | 1951-1787
856 4 1 _uhttps://shs.cairn.info/magazine-philosophie-magazine-2018-6-page-64?lang=fr&redirect-ssocas=7080
999 _c1830348
_d1830348